000 00223nam a2200097Ia 4500
008 231212s2003 xx 000 0 und d
041 _aeng
100 _aGrob
245 _aBasic Electronics
260 _aBombay
_bTata Mc
_c2003
999 _c969197
_d969197